00715nam a2200241Ia 450000500170000000800460001703700110006304000080007404000080008204000080009004100080009804100080010608400080011410000460012224500750016826000090024330000100025265000130026270000820027594200070035799900210036495200880038520260430150113.0008 250103s9999 xx 000 0 eng d aTheses aCRL beng ceng 2eng aeng qCRL aGarg Roshni Au.; Shukla Abha Gu.91236474 0aSoverign wealth funds as anchor investors in IPOs: Evidence from india c2022 a132p. aCommerce aUniversity of Delhi. Faculty of Commerce and Business. Department of Commerce cTH c1848956d1848956 00104070aCRLbCRLd2026-04-30l0pTH0026460r2026-04-30 15:01:13w2026-04-30yTH